000 00537nam a22001817a 4500
005 20251108175507.0
008 250721s2013 xx 000 0 ara d
082 1 4 _a658.314/نيو
100 1 _aنيومان، جودي
245 1 0 _aالإبداع في عالم الأعمال /
264 1 _aرأس الخيمة :
_bدار نون للنشر،
_c2013.
300 _a183ص.
650 1 7 _aالتفكير المبدع
650 1 7 _aالابداعية
650 1 7 _aادارة الاعمال
942 _2ddc
_cBK
999 _c135435
_d135435